Stars and galaxies /

Saved in:
Bibliographic Details
Main Author: Seeds, Michael A.
Format: Book
Language:English
Published: Belmont, CA : Thomson Brooks/Cole, c2005.
Edition:4th ed.
Subjects:
Tags: Add Tag
No Tags, Be the first to tag this record!
LEADER 01208cam a2200313 a 4500
001 009463535-8
005 20041012111550.0
008 031104s2005 cauab 001 0 eng
010 |a  2003114973 
020 |a 0534420931 
020 |a 0534375715 (CD-ROM, student edition) 
035 0 |a ocm56198935 
040 |a DLC  |c DLC 
050 0 0 |a QB801  |b .S44 2005 
082 0 0 |a 523.8  |2 22 
100 1 |a Seeds, Michael A. 
245 1 0 |a Stars and galaxies /  |c Michael A. Seeds. 
250 |a 4th ed. 
260 |a Belmont, CA :  |b Thomson Brooks/Cole,  |c c2005. 
300 |a xix, 475 p. :  |b ill. (some col.), col. maps ;  |c 28 cm. +  |e 1 CD-ROM (4 3/4 in.). 
500 |a Title on disc label: The sky. Student ed. 
538 |a System requirements for accompanying CD-ROM. Windows Requirements: Windows 95/98 or NT, 256 colors monitor; CD-ROM drive; 16 MB of RAM; 50 MB of free disk space (15 MB minimum). Macintosh Requirements: Any Power PC or iMac; Mac OS 8.6 or later; 256 color monitor; CD-ROM drive; 16 MB of RAM; 50 MB of free disk space (15 MB minimum). 
500 |a Includes index. 
650 0 |a Stars. 
650 0 |a Galaxies. 
655 7 |a CD-ROMs.  |2 local 
740 0 2 |a Sky. 
988 |a 20040929 
906 |0 DLC